Score 0/18 Timer 02:00
2 Plays Today
Clue 4-Letter Word % Correct
Move at a snail's ___PACE
98.3%
★ A slap in the ___●FACE●
98.1%
Stroll down memory ___LANE
94.1%
★ Bite the ___ that feeds you ★●HAND●
93.8%
In the ___ of timeNICK
92.9%
___ up the wrong treeBARK
92.6%
Between a rock and a ___ placeHARD
92.3%
★ I've got your ___●BACK●
91.9%
★ Chilled to the ___●BONE●
90.5%
Clue 4-Letter Word % Correct
Be at your ___ and callBECK
89.8%
Ahead of the ___PACK
89.6%
★ Stick your ___ out ★●NECK●
88.7%
The ___ of my existenceBANE
88.2%
___ of the litterPICK
88.2%
___ of milk and honeyLAND
87.8%
___ back to yesteryear HARK
82.5%
★ As plain as the ___ on your face ★●NOSE●
80%
___ the worse for wearNONE
73.8%

Today's Daily Dose

Word Ladder
Silence

Get the Picture
Philly Team Facts

You're not logged in!

Compare scores with friends on all Sporcle quizzes.
OR
Log In

Sporcle TV

Today on Sporcle TV


Watch our educational content, quiz creation guides, and fun videos on Sporcle TV.

Show Comments

Extras

Top Quizzes Today


Score Distribution

Your Account Isn't Verified!

In order to create a playlist on Sporcle, you need to verify the email address you used during registration. Go to your Sporcle Settings to finish the process.

Report this User

Report this user for behavior that violates our Community Guidelines.

Details: